POPE : (Record no. 1188)
[ view plain ]
| 000 -الفاتح | |
|---|---|
| حقل البيانات ثابتة الطول | 00588nam a2200193Ia 4500 |
| 008 - عناصر البيانات ثابتة الطول - معلومات عامة | |
| حقل البيانات ثابتة الطول | 140319s9999 xx 000 0 eng d |
| 020 ## - الرقم الدولى المعيارى للكتب | |
| الرقم الدولى المعيارى للكتاب | 0847820866 |
| 040 ## - مصدر الفهرسة | |
| وكالة الفهرسة الأصلية | GCL / |
| وكالة النسخ | GCL |
| 082 04 - رقم تصنيف ديوى العشرى | |
| رقم التصنيف | 720.92 |
| رقم المادة | B J |
| 100 1# - المدخل الرئيسى - إسم شخصى | |
| الإسم الشخصى | BEDFORD, STEVEN MCLEOD |
| 245 10 - بيان العنوان | |
| العنوان | POPE : |
| بقية العنوان | ARCHITECT OF EMPIRE / |
| بيان المسئوليه,etc | BEDFORD, STEVEN MCLEOD |
| 260 ## - PUBLICATION, DISTRIBUTION, ETC. (IMPRINT) | |
| تاريخ النشر أو التوزيع | 1998 |
| 300 ## - الوصف المادى | |
| التعداد | 28 CM ؛ |
| أبعاد الوعاء | 239 P |
| 650 04 - المدخل الاضافى بالموضوع-مصطلح موضوعى | |
| مصطلح موضوعي | ARCHITECTS - UNITED STATES - BIOGRAPHY |
| 650 04 - المدخل الاضافى بالموضوع-مصطلح موضوعى | |
| مصطلح موضوعي | POPE, JOHN RUSSELL, 1874 - 1937 |
| 650 04 - المدخل الاضافى بالموضوع-مصطلح موضوعى | |
| مصطلح موضوعي | CLASSICISM IN ARCHITECTURE - UNITED STATES |
| 942 ## - عناصر المدخل الإضافي( كوها) | |
| مصدر التصنيف او مخطط الترفيف | Dewey Decimal Classification |
| Koha [default] item type | كتاب |
| 260 ## - PUBLICATION, DISTRIBUTION, ETC. (IMPRINT) | |
| -- | نيويورك : |
| -- | RIZZOLI ، |
| حالة التراجع | حالة الفقد | حالة تلف | ليس للاعارة | المكان المؤقت | الموقع الحالى | تاريخ الاكتساب | اجمالي اﻻعارات | رقم الطلب | الباركود | تاريخ اخر مشاهدة | تاريخ تفعيل السعر | نوع وعاء كوها |
|---|---|---|---|---|---|---|---|---|---|---|---|---|
| مكتبة القاهرة الكبرى | مكتبة القاهرة الكبرى | 03/26/2014 | 720.92\B J | 2907 | 03/26/2014 | 03/26/2014 | كتاب |

